[Event "Bremen-ch"]
[Site "Bremen"]
[Date "2019.04.13"]
[Round "1.28"]
[White "Dietrich, Igor"]
[Black "Kazmierski, Falk"]
[Result "1-0"]
[WhiteElo "1654"]
[BlackElo "1499"]
[PlyCount "77"]
[EventDate "2019.04.13"]
[EventType "swiss"]
[EventRounds "9"]
[EventCountry "GER"]
[SourceTitle "EXT 2020"]
[Source "ChessBase"]
[SourceDate "2019.10.17"]
[SourceVersion "1"]
[SourceVersionDate "2019.10.17"]
[SourceQuality "1"]

1. e4 e6 2. d4 d5 3. Nc3 Bb4 4. e5 c5 5. Bd2 cxd4 6. Nb5 Bxd2+ 7. Qxd2 Nc6 8. Nf3 Nge7 9. Nd6+ Kf8 10. Nxc8 Rxc8 11. Bd3 Qa5 12. Qxa5 Nxa5 13. Nxd4 Nac6 14. Nxc6 Nxc6 15. f4 Nb4 16. Kd2 Nxd3 17. cxd3 Ke7 18. Rac1 f6 19. Rc3 Rc6 20. Rxc6 bxc6 21. Rc1 Rc8 22. Rc5 fxe5 23. fxe5 Kd7 24. Ra5 Rc7 25. d4 c5 26. dxc5 Kc6 27. b4 d4 28. Ra6+ Kd5 29. Rd6+ Kxe5 30. Kd3 a5 31. a3 axb4 32. axb4 Kf6 33. Kxd4 Ke7 34. Ke5 Rb7 35. Rxe6+ Kf7 36. Rb6 Re7+ 37. Kd5 Rd7+ 38. Kc6 Ke8 39. Rb8+ 1-0

[Event "Bremen-ch op"]
[Site "Bremen"]
[Date "2018.03.26"]
[Round "4"]
[White "Ahrens, Gunnar"]
[Black "Dietrich, Igor"]
[Result "1-0"]
[WhiteElo "1665"]
[BlackElo "1804"]
[PlyCount "75"]
[EventDate "2018.03.24"]
[EventType "swiss"]
[EventRounds "9"]
[EventCountry "GER"]
[SourceTitle "EXT 2019"]
[Source "ChessBase"]
[SourceDate "2018.10.10"]
[SourceVersion "1"]
[SourceVersionDate "2018.10.10"]
[SourceQuality "1"]

1. Nf3 d5 2. g3 Nf6 3. Bg2 Bf5 4. d3 e6 5. Nbd2 Nc6 6. c3 Be7 7. 0-0 h6 8. Nb3 e5 9. Be3 b6 10. Rc1 Qd7 11. c4 d4 12. Nxe5 Nxe5 13. Nxd4 Rd8 14. f4 Bc5 15. Nxf5 Bxe3+ 16. Nxe3 Qd4 17. fxe5 Qxe3+ 18. Kh1 Qxe5 19. Bc6+ Ke7 20. Qd2 Rd6 21. Qb4 Rhd8 22. Qa3 a5 23. c5 bxc5 24. Rxc5 Qxe2 25. Bg2 Kf8 26. Rxc7 Kg8 27. Qb3 Qh5 28. Qc4 Rxd3 29. Rc8 R3d7 30. b3 Ng4 31. Rxd8+ Rxd8 32. h3 Ne3 33. Qc7 Rd4 34. Qc8+ Kh7 35. Qc3 Nxf1 36. Qxd4 Nxg3+ 37. Kh2 Qg6 38. Qe5 1-0

[Event "Bremen-ch op"]
[Site "Bremen"]
[Date "2018.03.25"]
[Round "3"]
[White "Dietrich, Igor"]
[Black "Salm, Andreas"]
[Result "1-0"]
[WhiteElo "1804"]
[BlackElo "1522"]
[PlyCount "47"]
[EventDate "2018.03.24"]
[EventType "swiss"]
[EventRounds "9"]
[EventCountry "GER"]
[SourceTitle "EXT 2019"]
[Source "ChessBase"]
[SourceDate "2018.10.10"]
[SourceVersion "1"]
[SourceVersionDate "2018.10.10"]
[SourceQuality "1"]

1. e4 d5 2. exd5 Qxd5 3. Nc3 Qa5 4. d4 Nf6 5. Nf3 Bg4 6. h3 Bh5 7. g4 Bg6 8. Ne5 c6 9. h4 Nd5 10. Bd2 Nxc3 11. Bxc3 Qd5 12. f3 b5 13. h5 Be4 14. Bg2 Bxc2 15. Qxc2 b4 16. f4 Qd6 17. Bd2 a5 18. Bxc6+ Nxc6 19. Qxc6+ Qxc6 20. Nxc6 e6 21. Kf2 Ra6 22. Rac1 Bd6 23. Nb8 Bxb8 24. Rc8+ 1-0

[Event "Bremen-ch op"]
[Site "Bremen"]
[Date "2015.04.04"]
[Round "9"]
[White "Dietrich, Igor"]
[Black "Buchloh, Adrian"]
[Result "1-0"]
[WhiteElo "1880"]
[BlackElo "1611"]
[PlyCount "103"]
[EventDate "2015.03.28"]
[EventType "swiss"]
[EventRounds "9"]
[EventCountry "GER"]
[SourceTitle "EXT 2018"]
[Source "ChessBase"]
[SourceDate "2017.10.13"]
[SourceVersion "1"]
[SourceVersionDate "2017.10.13"]
[SourceQuality "1"]

1. e4 c5 2. d4 cxd4 3. c3 dxc3 4. Nxc3 Nc6 5. Nf3 d6 6. Bc4 Nf6 7. 0-0 e6 8. Qe2 Be7 9. Rd1 e5 10. Bg5 0-0 11. Rd2 Be6 12. Bxe6 fxe6 13. Qc4 Qd7 14. Rad1 a6 15. a3 Rac8 16. Qa4 h6 17. Bh4 Nb8 18. Qb3 Nc6 19. Bg3 Na5 20. Qa2 Nc4 21. Nxe5 Nxe5 22. Bxe5 Rc6 23. Qb1 Qc7 24. Bg3 b5 25. Ne2 e5 26. f3 Rc8 27. Qa2+ Kf8 28. Qe6 Qa5 29. h3 Rc2 30. Nc3 R8xc3 31. bxc3 Rxc3 32. Rd3 Rxa3 33. Rxa3 Qxa3 34. Qc8+ Kf7 35. Rc1 a5 36. Rc7 Ne8 37. Rb7 b4 38. Qd7 Qc1+ 39. Kh2 Qg5 40. h4 Qf6 41. Rb8 Nc7 42. Qxc7 g5 43. Qc8 Qg6 44. hxg5 hxg5 45. Qe8+ Kf6 46. Qd7 Qh6+ 47. Kg1 g4 48. Qf5+ Kg7 49. Qxg4+ Kf7 50. Rb7 Qc1+ 51. Kh2 Qh6+ 52. Bh4 1-0

[Event "Bremen-ch op"]
[Site "Bremen"]
[Date "2015.04.01"]
[Round "6"]
[White "Scheidt, Mike Niklas"]
[Black "Dietrich, Igor"]
[Result "0-1"]
[WhiteElo "1363"]
[BlackElo "1880"]
[PlyCount "74"]
[EventDate "2015.03.28"]
[EventType "swiss"]
[EventRounds "9"]
[EventCountry "GER"]
[SourceTitle "EXT 2018"]
[Source "ChessBase"]
[SourceDate "2017.10.13"]
[SourceVersion "1"]
[SourceVersionDate "2017.10.13"]
[SourceQuality "1"]

1. d4 d5 2. Bf4 Nf6 3. e3 c6 4. c3 Bf5 5. Qb3 Qb6 6. Qxb6 axb6 7. Nd2 Na6 8. Ngf3 Nh5 9. Bg3 h6 10. Be2 e6 11. Ne5 Nxg3 12. hxg3 Bd6 13. Ndf3 f6 14. Bd3 Be4 15. Bxe4 dxe4 16. Ng6 exf3 17. Nxh8 fxg2 18. Rg1 g5 19. Ng6 Kf7 20. Nh4 gxh4 21. gxh4 Rg8 22. f4 Rg4 23. Kf2 Rxh4 24. Rxg2 f5 25. Rag1 Bf8 26. Kf3 h5 27. e4 Rg4 28. e5 Nc7 29. Rh1 Nd5 30. Rxg4 fxg4+ 31. Kg3 Kg6 32. c4 Ne3 33. Kf2 Nf5 34. Rd1 Nxd4 35. Rxd4 Bc5 36. Kg3 Bxd4 37. b3 Bc3 0-1

[Event "Bremen-ch op"]
[Site "Bremen"]
[Date "2015.03.29"]
[Round "3"]
[White "Dietrich, Igor"]
[Black "Buchloh, Falk"]
[Result "1-0"]
[WhiteElo "1880"]
[BlackElo "1497"]
[PlyCount "75"]
[EventDate "2015.03.28"]
[EventType "swiss"]
[EventRounds "9"]
[EventCountry "GER"]
[SourceTitle "EXT 2018"]
[Source "ChessBase"]
[SourceDate "2017.10.13"]
[SourceVersion "1"]
[SourceVersionDate "2017.10.13"]
[SourceQuality "1"]

1. e4 d5 2. exd5 Qxd5 3. Nc3 Qa5 4. d4 Nf6 5. Nf3 Bg4 6. h3 Bh5 7. g4 Bg6 8. Ne5 e6 9. Nc4 Qb4 10. Bd2 Qe7 11. Qf3 c6 12. 0-0-0 Nbd7 13. Bf4 0-0-0 14. Nd6+ Qxd6 15. Bxd6 Bxd6 16. Bd3 Bxd3 17. Rxd3 e5 18. Ne4 Nxe4 19. Qxe4 Nf6 20. Qf5+ Kb8 21. dxe5 Be7 22. exf6 Bxf6 23. Rhd1 Rde8 24. g5 Re5 25. Rd8+ Rxd8 26. Rxd8+ Bxd8 27. Qxe5+ Kc8 28. Qxg7 b5 29. Qxf7 Bxg5+ 30. Kd1 Bh4 31. f4 Bf2 32. Qe6+ Kc7 33. f5 Bd4 34. c3 Bh8 35. f6 a5 36. Qe7+ Kb6 37. Qd8+ Kc5 38. Qd4# 1-0

[Event "Bremen-ch op"]
[Site "Bremen"]
[Date "2014.04.16"]
[Round "4"]
[White "Roehl, Helmut"]
[Black "Dietrich, Igor"]
[Result "0-1"]
[WhiteElo "1719"]
[BlackElo "1893"]
[PlyCount "78"]
[EventDate "2014.04.14"]
[EventType "swiss"]
[EventRounds "9"]
[EventCountry "GER"]
[SourceTitle "EXT 2018"]
[Source "ChessBase"]
[SourceDate "2017.10.13"]
[SourceVersion "1"]
[SourceVersionDate "2017.10.13"]
[SourceQuality "1"]

1. d4 d5 2. Nf3 Nf6 3. g3 Bf5 4. Bg2 e6 5. 0-0 Nc6 6. Nc3 Bd6 7. Ne5 Nxe5 8. dxe5 Bxe5 9. Bg5 h6 10. Bxf6 Qxf6 11. Nb5 a6 12. e4 dxe4 13. Nc3 Bxc3 14. bxc3 Qxc3 15. Rb1 Rb8 16. Qe2 0-0 17. Bxe4 Bxe4 18. Qxe4 b5 19. Rb3 Qc5 20. a3 Rfd8 21. Qe2 Rd7 22. Rd1 Rbd8 23. Rxd7 Rxd7 24. h4 Qd5 25. Rd3 Qc4 26. Qd2 Rd5 27. Rxd5 Qxd5 28. Qe2 c5 29. Qe1 e5 30. c3 e4 31. Qe3 c4 32. Kh2 a5 33. Qe1 Qd3 34. Qc1 f5 35. Qf4 Qf3 36. Qb8+ Kh7 37. Qxb5 Qxf2+ 38. Kh3 e3 39. Qxc4 e2 0-1

[Event "Bremen-ch op"]
[Site "Bremen"]
[Date "2012.04.06"]
[Round "8"]
[White "Dietrich, Igor"]
[Black "Hoffer, Hayo"]
[Result "0-1"]
[WhiteElo "1923"]
[BlackElo "1828"]
[PlyCount "52"]
[EventDate "2012.03.31"]
[EventType "swiss"]
[EventRounds "9"]
[EventCountry "GER"]
[SourceTitle "EXT 2022"]
[Source "ChessBase"]
[SourceDate "2021.10.06"]
[SourceVersion "1"]
[SourceVersionDate "2021.10.06"]
[SourceQuality "1"]

1. e4 e6 2. d4 d5 3. Nc3 dxe4 4. Nxe4 Nd7 5. Bd3 Ngf6 6. Bg5 Be7 7. Nxf6+ Nxf6 8. Nf3 h6 9. Bf4 0-0 10. Qd2 c5 11. 0-0-0 a6 12. Ne5 cxd4 13. g4 Nd5 14. Bxh6 gxh6 15. Qxh6 Bg5+ 16. Kb1 Bxh6 17. h4 Bf4 18. Nf3 e5 19. Rdg1 Be6 20. g5 Nc3+ 21. bxc3 Qb6+ 22. Ka1 dxc3 23. Rb1 Qa5 24. Rb3 Bxb3 25. cxb3 Qa3 26. Rb1 Bc1 0-1

[Event "Bremen-ch op"]
[Site "Bremen"]
[Date "2012.04.01"]
[Round "2"]
[White "Dietrich, Igor"]
[Black "Doescher, Thorsten"]
[Result "1/2-1/2"]
[WhiteElo "1923"]
[BlackElo "2038"]
[PlyCount "81"]
[EventDate "2012.03.31"]
[EventType "swiss"]
[EventRounds "9"]
[EventCountry "GER"]
[SourceTitle "EXT 2022"]
[Source "ChessBase"]
[SourceDate "2021.10.06"]
[SourceVersion "1"]
[SourceVersionDate "2021.10.06"]
[SourceQuality "1"]

1. e4 c6 2. d4 d5 3. Nc3 dxe4 4. Nxe4 Nf6 5. Nxf6+ exf6 6. Bc4 Qe7+ 7. Qe2 Be6 8. Bxe6 Qxe6 9. Bf4 Nd7 10. 0-0-0 0-0-0 11. Qxe6 fxe6 12. Nf3 Nb6 13. h4 Nd5 14. Bg3 b5 15. Rhe1 Kd7 16. c3 a5 17. Re2 g6 18. Ne1 a4 19. a3 Be7 20. Nd3 Rhe8 21. Nf4 Bf8 22. Nxd5 exd5 23. Rde1 Rxe2 24. Rxe2 Re8 25. Rxe8 Kxe8 26. Bf4 Kd7 27. Kd2 Ke6 28. g4 h6 29. Ke3 g5 30. hxg5 hxg5 31. Bc7 Be7 32. f4 f5 33. gxf5+ Kxf5 34. fxg5 Bxg5+ 35. Kd3 Kg4 36. Bd6 Kf3 37. Kc2 Ke4 38. Bf8 Kf5 39. Bd6 Ke6 40. Bf8 Bf4 41. Kd3 1/2-1/2

[Event "Niedersachsen-ch op-B"]
[Site "Verden"]
[Date "2012.01.04"]
[Round "5"]
[White "Pappert, Florian"]
[Black "Dietrich, Igor"]
[Result "0-1"]
[WhiteElo "1441"]
[BlackElo "1923"]
[PlyCount "88"]
[EventDate "2012.01.02"]
[EventType "swiss"]
[EventRounds "7"]
[EventCountry "GER"]
[SourceTitle "EXT 2021"]
[Source "ChessBase"]
[SourceDate "2020.10.23"]
[SourceVersion "1"]
[SourceVersionDate "2020.10.23"]
[SourceQuality "1"]

1. e4 c6 2. d4 d5 3. Nc3 dxe4 4. Nxe4 Bf5 5. f3 e6 6. Bc4 Bxe4 7. fxe4 Qh4+ 8. Kf1 Qxe4 9. Nf3 Nf6 10. Qe2 Nbd7 11. Bg5 c5 12. Rd1 Qxe2+ 13. Bxe2 cxd4 14. Nxd4 h6 15. Bh4 Nd5 16. Bf2 a6 17. c3 Bc5 18. Bg4 Bxd4 19. Bxd4 N7f6 20. Bf3 0-0-0 21. Kf2 Rhg8 22. Rd2 Nd7 23. Rhd1 Kc7 24. a3 f6 25. c4 N5b6 26. Bxb6+ Nxb6 27. Rxd8 Rxd8 28. Rxd8 Kxd8 29. b3 Kc7 30. Bg4 f5 31. Bf3 Nd7 32. Ke3 g5 33. Kd4 g4 34. Be2 Kd6 35. b4 e5+ 36. Ke3 Nf6 37. a4 f4+ 38. Kd2 e4 39. a5 h5 40. Kc3 f3 41. Bf1 e3 42. gxf3 gxf3 43. Bh3 Ne4+ 44. Kd3 e2 0-1

[Event "GER-chT Seniors 20th"]
[Site "Gladenbach"]
[Date "2011.09.16"]
[Round "6.4"]
[White "Dietrich, Igor"]
[Black "Meiwald, Gerhard"]
[Result "1/2-1/2"]
[WhiteElo "1744"]
[BlackElo "1829"]
[PlyCount "44"]
[EventDate "2011.09.11"]
[EventType "team-swiss"]
[EventRounds "7"]
[EventCountry "GER"]
[SourceTitle "CBM 144 Extra"]
[Source "ChessBase"]
[SourceDate "2011.10.28"]
[SourceVersion "1"]
[SourceVersionDate "2011.10.28"]
[SourceQuality "1"]
[WhiteTeam "Bremen"]
[BlackTeam "Schleswig Holstein II"]
[WhiteTeamCountry "GER"]
[BlackTeamCountry "GER"]

1. e4 c5 2. d4 cxd4 3. c3 dxc3 4. Nxc3 g6 5. Nf3 Bg7 6. Bc4 Nc6 7. Qd5 e6 8. Qd6 Qe7 9. Bf4 e5 10. Qxe7+ Ngxe7 11. Be3 a6 12. a4 0-0 13. Bc5 d6 14. Bxd6 Rd8 15. Bc7 Rf8 16. h3 h6 17. Rd1 Kh7 18. Bb6 f5 19. Ke2 fxe4 20. Nxe4 Nf5 21. Nd6 Ncd4+ 22. Nxd4 Nxd4+ 1/2-1/2

[Event "GER-chT Seniors 20th"]
[Site "Gladenbach"]
[Date "2011.09.14"]
[Round "4.4"]
[White "Segebarth, Bernd"]
[Black "Dietrich, Igor"]
[Result "1-0"]
[WhiteElo "1674"]
[BlackElo "1744"]
[PlyCount "46"]
[EventDate "2011.09.11"]
[EventType "team-swiss"]
[EventRounds "7"]
[EventCountry "GER"]
[SourceTitle "CBM 144 Extra"]
[Source "ChessBase"]
[SourceDate "2011.10.28"]
[SourceVersion "1"]
[SourceVersionDate "2011.10.28"]
[SourceQuality "1"]
[WhiteTeam "Mecklenburg Vorpommern II"]
[BlackTeam "Bremen"]
[WhiteTeamCountry "GER"]
[BlackTeamCountry "GER"]

1. e4 c6 2. d4 d5 3. exd5 cxd5 4. c4 Nf6 5. Nc3 Nc6 6. Bg5 Qa5 7. Bxf6 exf6 8. cxd5 Bb4 9. Rc1 Qxd5 10. a3 Bxc3+ 11. bxc3 0-0 12. Nf3 Re8+ 13. Be2 Qe4 14. Rc2 Bf5 15. Rb2 Qe7 16. 0-0 Qxa3 17. Qd2 Re7 18. d5 Rd8 19. Ra2 Qc5 20. Rfa1 a6 21. Qb2 Ne5 22. Nd4 Bd3 23. Bxd3 Nxd3 1-0

[Event "Niedersachsen-ch Seniors op 14th"]
[Site "Bad Bevensen"]
[Date "2011.07.12"]
[Round "8"]
[White "Dietrich, Igor"]
[Black "Krueger, Bernhard"]
[Result "0-1"]
[WhiteElo "1716"]
[BlackElo "1647"]
[PlyCount "57"]
[EventDate "2011.07.05"]
[EventType "swiss"]
[EventRounds "9"]
[EventCountry "GER"]
[SourceTitle "EXT 2012"]
[Source "ChessBase"]
[SourceDate "2011.11.24"]
[SourceVersion "1"]
[SourceVersionDate "2011.11.24"]
[SourceQuality "1"]

1. e4 c5 2. d4 cxd4 3. c3 e6 4. Bc4 d5 5. exd5 exd5 6. Bb5+ Bd7 7. Bxd7+ Qxd7 8. Qxd4 Nc6 9. Qe3+ Qe7 10. Nf3 Nf6 11. h3 Rd8 12. 0-0 Qxe3 13. Bxe3 Bd6 14. Nbd2 0-0 15. Rfe1 Rfe8 16. Nd4 a6 17. Nxc6 bxc6 18. Kf1 Ne4 19. Nb3 Rb8 20. Re2 f5 21. Rae1 f4 22. Bd4 Kf7 23. f3 Ng3+ 24. Kf2 Rxe2+ 25. Rxe2 Nxe2 26. Kxe2 Rb5 27. Kd3 c5 28. c4 dxc4+ 29. Kxc4 0-1

[Event "Niedersachsen-ch Seniors op 14th"]
[Site "Bad Bevensen"]
[Date "2011.07.08"]
[Round "4"]
[White "Dietrich, Igor"]
[Black "Noelter, Gerd"]
[Result "1-0"]
[WhiteElo "1716"]
[BlackElo "1614"]
[PlyCount "68"]
[EventDate "2011.07.05"]
[EventType "swiss"]
[EventRounds "9"]
[EventCountry "GER"]
[SourceTitle "EXT 2012"]
[Source "ChessBase"]
[SourceDate "2011.11.24"]
[SourceVersion "1"]
[SourceVersionDate "2011.11.24"]
[SourceQuality "1"]

1. e4 e6 2. d4 d5 3. Nc3 Nf6 4. Bg5 Be7 5. e5 Nfd7 6. h4 a6 7. Qg4 Bxg5 8. hxg5 c5 9. g6 f5 10. exf6 Nxf6 11. Qh4 cxd4 12. Qxd4 h6 13. Qc5 Nc6 14. Nf3 Qe7 15. Qb6 Nd7 16. Qe3 Nf6 17. 0-0-0 Ng4 18. Qe2 Bd7 19. Nd4 Qg5+ 20. Kb1 0-0 21. Nxe6 Bxe6 22. Qxe6+ Kh8 23. Qxd5 Qf4 24. Bd3 Rae8 25. Qd6 Qxf2 26. b3 Qxg2 27. Rhe1 Nge5 28. Be4 Qg5 29. Rd5 Qf6 30. Qc5 Qe7 31. Qb6 Rf6 32. Rd2 Rc8 33. Nd5 Qf8 34. Nxf6 Qxf6 1-0

[Event "Bremen-ch op"]
[Site "Delmenhorst"]
[Date "2011.04.17"]
[Round "2"]
[White "Dietrich, Igor"]
[Black "Peters, Frank"]
[Result "0-1"]
[WhiteElo "1960"]
[BlackElo "2114"]
[PlyCount "146"]
[EventDate "2011.04.16"]
[EventType "swiss"]
[EventRounds "9"]
[EventCountry "GER"]
[SourceTitle "EXT 2012"]
[Source "ChessBase"]
[SourceDate "2011.11.24"]
[SourceVersion "1"]
[SourceVersionDate "2011.11.24"]
[SourceQuality "1"]

1. e4 c6 2. d4 g6 3. Bc4 d5 4. exd5 cxd5 5. Bb5+ Bd7 6. Qe2 Bg7 7. Nf3 Qb6 8. Bxd7+ Nxd7 9. c3 Nh6 10. 0-0 Nf5 11. Bf4 e6 12. Na3 a6 13. Rab1 0-0 14. Rfe1 Rfe8 15. Qd2 Nf6 16. Nc2 Rac8 17. Nb4 Ne4 18. Qe2 Qa5 19. a3 Qa4 20. Nd3 Qb5 21. h3 a5 22. Nd2 Nxd2 23. Qxd2 Qa6 24. Re2 a4 25. Rbe1 Qc6 26. Ne5 Qb5 27. Ng4 Qd7 28. Be5 Qd8 29. Bxg7 Kxg7 30. Qd3 Qb6 31. Ne5 Rc7 32. Qf3 Qb5 33. g4 Nd6 34. Nd3 b6 35. g5 Nf5 36. Qf4 Qd7 37. Qe5+ Kg8 38. Nf4 Rd8 39. Ng2 Qd6 40. Qf6 Qe7 41. Qxe7 Rxe7 42. Re5 Rc7 43. Kh2 Kg7 44. Nf4 Rcc8 45. Ng2 Rh8 46. Ne3 Nd6 47. Ng4 Nf5 48. Ne3 Nd6 49. f3 h6 50. Rg1 hxg5 51. Rexg5 Rh4 52. R5g4 Rh5 53. Rg5 Rh4 54. R1g4 Rh6 55. Rg1 Rch8 56. R5g3 Rh4 57. Kg2 Nf5 58. Nxf5+ exf5 59. Rh1 Kf6 60. Rg1 g5 61. Kf2 R8h5 62. b3 axb3 63. Rb1 f4 64. Rg2 Rxh3 65. Rxb3 Rh1 66. Rxb6+ Ke7 67. Rb2 Ra1 68. Ke2 Rxa3 69. Kd3 Rh3 70. Rxg5 Rxf3+ 71. Ke2 Rh3 72. Re5+ Kf6 73. Rb6+ Kg7 0-1

[Event "Niedersachsen-ch op"]
[Site "Verden"]
[Date "2011.01.05"]
[Round "7"]
[White "Duessler, Stefanie"]
[Black "Dietrich, Igor"]
[Result "1-0"]
[WhiteElo "1871"]
[BlackElo "1982"]
[PlyCount "107"]
[EventDate "2011.01.02"]
[EventType "swiss"]
[EventRounds "7"]
[EventCountry "GER"]
[SourceTitle "EXT 2018"]
[Source "ChessBase"]
[SourceDate "2017.10.13"]
[SourceVersion "1"]
[SourceVersionDate "2017.10.13"]
[SourceQuality "1"]

1. e4 c6 2. d4 d5 3. e5 Bf5 4. Nc3 e6 5. g4 Bg6 6. Nge2 c5 7. Nf4 Nc6 8. Nxg6 hxg6 9. Be3 Qb6 10. Na4 Qa5+ 11. c3 cxd4 12. Bxd4 Nxd4 13. Qxd4 Rc8 14. Rd1 b5 15. Bxb5+ Qxb5 16. Qxa7 Qb8 17. Qxb8 Rxb8 18. 0-0 g5 19. Kg2 Ne7 20. Rfe1 Nc6 21. b3 Rb7 22. Rc1 Be7 23. c4 Bb4 24. cxd5 Bxe1 25. dxc6 Rc7 26. Rxe1 Rxc6 27. Re2 Ke7 28. Nb2 Ra8 29. Nc4 Rca6 30. a3 Rb8 31. Re3 f6 32. b4 Rc8 33. Na5 Ra7 34. h3 Rac7 35. b5 fxe5 36. Nc6+ Kd6 37. a4 Rf8 38. a5 Rcf7 39. f3 e4 40. Rxe4 Rxf3 41. Rxe6+ Kd7 42. Ne5+ Kxe6 43. Nxf3 Rb8 44. Nxg5+ Kd6 45. b6 Rb7 46. Kf3 Kc6 47. Ne4 Re7 48. Kf4 Kb7 49. Nc5+ Kc6 50. b7 Kc7 51. a6 Kb8 52. Kf5 Rc7 53. a7+ Kxa7 54. b8Q+ 1-0

[Event "Niedersachsen-ch op"]
[Site "Verden"]
[Date "2011.01.04"]
[Round "5"]
[White "Falk, Tobias"]
[Black "Dietrich, Igor"]
[Result "1-0"]
[WhiteElo "2023"]
[BlackElo "1982"]
[PlyCount "67"]
[EventDate "2011.01.02"]
[EventType "swiss"]
[EventRounds "7"]
[EventCountry "GER"]
[SourceTitle "EXT 2018"]
[Source "ChessBase"]
[SourceDate "2017.10.13"]
[SourceVersion "1"]
[SourceVersionDate "2017.10.13"]
[SourceQuality "1"]

1. c4 Nf6 2. Nc3 c6 3. d4 d5 4. e3 e6 5. Nf3 Bd6 6. Bd3 Nbd7 7. 0-0 0-0 8. e4 dxe4 9. Nxe4 Nxe4 10. Bxe4 Nf6 11. Bc2 h6 12. Qd3 b6 13. b3 Qe7 14. Ne5 Bb7 15. Ng4 g6 16. Ne5 Rfd8 17. Qh3 Bxe5 18. dxe5 Nh7 19. Qxh6 Rd4 20. f4 c5 21. Be3 Rd7 22. Qh3 Rad8 23. Rf2 Kg7 24. Qg4 f5 25. exf6+ Qxf6 26. Re1 Nf8 27. Bc1 Rd6 28. Bb1 Kg8 29. Bb2 Qf7 30. Bc3 Bc6 31. Bc2 Bb7 32. Re3 Bc6 33. Rh3 Nh7 34. Bxg6 1-0